000 00961cam a2200289 a 4500
001 000010780
005 20260401094258.0
008 861229s1969 sp a 000 0 spa d
040 _aDO-SdBNP
_bspa
_cLC
_dBNPHU
082 _a305.8
_bP198p, 1969
245 0 0 _aPueblos y razas del mundo /
_cDirector y co-autor Augusto Panyella ; colaboradores Zeferina Amil ... [et al.] ; prólogo Miguel Fusté.
250 _a4a ed.
260 _aBarcelona :
_bDanae,
_c1969.
300 _a607 p. :
_bil. ;
_c25 cm.
490 1 _aBiblioteca de la Cultura
650 4 _aEtnología
_92825
650 0 _aRAZAS HUMANAS
_926021
700 1 _aAmil, Zeferina.
_926022
700 1 _aFort, Agustina.
_926023
700 1 _aHuera, Carmen.
_926024
700 1 _aTomás, Joaquín.
_926025
700 1 _aViolant, Ramona.
_926026
700 1 _aFusté, Ramona,
_epról.
_926027
830 0 _aBiblioteca de la Cultura
_926028
910 _aCatalogación por copia / LC
049 _aBNGR
999 _c10532
_d10532